000 02055nam a22002417a 4500
005 20241125141100.0
008 241123b ||||| |||| 00| 0 eng d
020 _a979-8988544630
040 _cAL
041 _aEnglish
082 _223
_a158.1
_bDAME
100 _aAnthony Damaschino
_9186413
245 _aEmpty Nest Blueprint for Single Parents: Navigate Your New Normal and Thrive for the Most Underrated Stage your Life
260 _aCalifornia
_b Infinite Space Publishing
_c2024
300 _axii,375 p.
_bPB
_c21.5x14 cm.
365 _aXWNY-824259
_b₹1360.00
_c
_d₹1360.00
_f14-11-2024
520 _aAre you ready for a life filled with joy, purpose, and endless possibilities? The Empty Nest Blueprint for Single Parents will guide you to embrace freedom, reignite your passions, and create a future rich with meaning and fulfillment. Benefits of reading The Empty Nest Blueprint for Single Parents: Discover how to embrace your Empty Nest Journey, overcome Empty Nest Syndrome, and unlock the true potential of your relationship with your child and yourself. Conquer the four major Empty Nest threats and pursue your Empty Nest midlife opportunities with confidence and grace. In this comprehensive guide, you will find: Extensive current research, practical parenting and relationship strategies, and heartfelt advice and antidotes from single parent experiences. The true potential of your Parent-Adult Child relationship. Eye-opening exercises and profound insights into creating the future you deserve. A tangible blueprint and actionable plans to not only survive but thrive as an Empty Nester. Don't let this precious chapter pass you by–seize the opportunity to create a blueprint for a happy and fulfilling life as an Empty Nester. Buy The Empty Nest Blueprint for Single Parents now before the price changes.
650 _aSingle Parenting
_9186108
650 _aMidlife Self-Help
_9186109
650 _aParent And Adult Child Relationships
_9186110
700 _aDAMASCHINO (Anthony)
_9186111
942 _2ddc
_cBK
999 _c231960
_d231960